[Event "11th Capo dOrso ACP Open 2019"]
[Site "Porto Mannu"]
[Date "2019.06.01"]
[Round "3.4"]
[White "Jakubowski, Krzysztof"]
[Black "Holm, Kristian Stuvik"]
[Result "1-0"]
[WhiteElo "2510"]
[BlackElo "2474"]
[Annotator "TA"]
[PlyCount "95"]
[EventDate "2019.06.02"]
[EventType "swiss"]
[EventCountry "ITA"]
[SourceTitle "playchess.com"]
[Source "ChessBase"]
[SourceQuality "1"]

{[%evp 9,94,-7,22,11,9,2,4,-11,-1,-18,-24,-31,-31,-63,-36,-33,-43,-93,36,36,37,33,43,-22,-20,-10,0,-10,0,-49,-47,-56,-47,-46,18,5,5,8,29,11,14,22,7,20,5,34,47,61,58,10,28,37,59,43,92,56,93,83,82,87,164,74,135,139,138,145,342,349,331,341,334,325,350,328,538,526,559,524,623,606,2744,2928,29997,29998,29998,29999,29999]} 1. Nf3 d5 2. b3 Bg4 3. e3 e6 4. Bb2 Nf6 5. h3 Bh5 6. d3 {A06: Réti Opening:1 Nf3 d5} (6. c4 Nbd7 7. Be2 c6 8. O-O Bd6 9. cxd5 cxd5 10. Nc3 a6 11. d3 O-O 12. a3 Rc8 13. Rc1 Qe7 14. b4 Bb8 15. g3 h6 16. Nh4 Bxe2 17. Qxe2 Rc6 18. e4 dxe4 19. Nxe4 {½-½ (67) Maghsoodloo,P (2679)-Gledura,B (2615) Wijk aan Zee 2019}) 6... h6 7. Nbd2 Nbd7 8. Qe2 {The position is equal.} c6 9. g4 Bg6 10. Bg2 Bd6 11. O-O-O $146 ({Predecessor:} 11. Nh4 Bh7 12. f4 g5 13. Nhf3 gxf4 {1-0 (26) Fontana Sotomayour,L-Medina,J (2270) Spain 1992}) 11... Qe7 12. Nh4 Bh7 $1 13. f4 {[#]} g5 (13... Ba3 $1 $17) 14. fxg5 $14 hxg5 15. Nhf3 Rg8 16. Qf2 ({White should try} 16. e4 $14 dxe4 17. Nxe4) 16... O-O-O 17. Kb1 Kb8 18. Nd4 Bg6 19. Rhf1 Ne8 20. Rde1 Nc7 21. e4 Bf4 ({Black should play} 21... Ba3 $15) 22. exd5 cxd5 23. N2f3 Qc5 24. h4 e5 25. Ne2 $1 $36 {[%mdl 2048] White fights for an advantage.} Be3 26. Qg3 {h5 is the strong threat.} gxh4 27. Nxh4 f6 28. Nxg6 Rxg6 29. Qf3 Qb6 30. Rh1 Bd2 31. Rd1 Qe3 32. Nc3 {Strongly threatening Rxd2!} Nb6 33. Rh7 Qxf3 34. Bxf3 Be3 {[#]} (34... Bxc3 $16 35. Bxc3 Ne6) 35. a4 (35. Rdh1 $1 $18 {and White stays clearly on top.}) 35... Rh6 (35... Ne6 $142) 36. Rxc7 $16 Kxc7 37. a5 d4 $2 (37... Nc8 $16) 38. axb6+ $18 Kxb6 39. Nd5+ Ka6 40. Nxe3 dxe3 41. Bc1 e4 $2 (41... e2 42. Bxe2 (42. Bxh6 exd1=N 43. Bxd1 Rd7 $18) 42... Rh2) 42. Bxe4 e2 43. Re1 Rh2 44. Kb2 Rg8 45. Be3 {Threatening mate with Ra1+.} Rxg4 46. Ra1+ {White mates.} Kb5 47. c4+ Kb4 48. Ra4# {Accuracy: White = 50%, Black = 32%.} 1-0

[Event "11th Capo dOrso ACP Open 2019"]
[Site "Porto Mannu"]
[Date "2019.06.01"]
[Round "3.5"]
[White "Zimina, Olga"]
[Black "Brunello, Marina"]
[Result "1/2-1/2"]
[WhiteElo "2370"]
[BlackElo "2396"]
[Annotator "TA"]
[PlyCount "67"]
[EventDate "2019.06.02"]
[EventType "swiss"]
[EventCountry "ITA"]
[SourceTitle "playchess.com"]
[Source "ChessBase"]
[SourceQuality "1"]

{[%evp 9,67,16,17,17,20,20,12,0,0,0,0,0,31,26,30,20,38,34,48,52,69,32,27,25,26,18,25,12,12,12,12,11,10,11,13,4,8,2,7,4,14,0,14,0,0,0,0,0,0,0,0,0,0,0,0,0,0,0,0,0]} 1. d4 d5 2. c4 c6 3. cxd5 cxd5 4. Bg5 (4. Bf4 Nc6 5. e3 Nf6 6. Bd3 Bg4 7. Ne2 e6 8. Nbc3 a6 9. Qb3 Na5 10. Qa4+ Nc6 11. Ng3 Bh5 12. Nxh5 Nxh5 13. Be5 Bd6 14. O-O O-O 15. Bxd6 Qxd6 16. Rfc1 Nf6 {½-½ (47) Korobov,A (2756)-Bu,X (2722) Hengshui 2019}) 4... h6 5. Bh4 Qb6 6. Nc3 {D10: Slav Defence: 3 cxd5 (without early Nf3) and 3 Nc3} e6 7. Qd2 Be7 $146 ({Predecessor:} 7... Bd7 8. e3 Be7 9. Nf3 Nc6 10. Bd3 Bxh4 11. Nxh4 {1-0 (46) Lomasov,S (2550)-Yeletsky,I (2418) Loo 2018}) 8. Nf3 Bxh4 9. Nxh4 Nf6 10. e3 Bd7 11. Bd3 Nc6 12. O-O Ne7 {[%cal Bc6e7,Be7c8,Bc8d6][%mdl 32]} 13. Nf3 Nc8 14. Ne5 Nd6 15. Nxd7 Nxd7 16. Na4 Qd8 17. Qb4 Nb6 18. Bb5+ Nxb5 {The position is equal.} 19. Qxb5+ Qd7 20. Qxd7+ Nxd7 21. Rfc1 Kd8 22. Rc3 Rc8 23. Rac1 Rxc3 24. Rxc3 $11 {[%mdl 4096] Endgame KRN-KRN} b6 25. f3 Nf6 26. Ra3 Kd7 27. Nc3 a5 28. Rb3 Rb8 29. Kf2 Ne8 30. Na4 Kc6 31. Rc3+ Kb7 32. Rb3 Kc6 33. Rc3+ Kb7 34. Rb3 {Accuracy: White = 55%, Black = 67%.} 1/2-1/2

[Event "11th Capo dOrso ACP Open 2019"]
[Site "Porto Mannu"]
[Date "2019.06.01"]
[Round "3.6"]
[White "Ushenina, Anna"]
[Black "Brunello, Sabino"]
[Result "1/2-1/2"]
[WhiteElo "2443"]
[BlackElo "2556"]
[Annotator "TA"]
[PlyCount "173"]
[EventDate "2019.06.02"]
[EventType "swiss"]
[EventCountry "ITA"]
[SourceTitle "playchess.com"]
[Source "ChessBase"]
[SourceQuality "1"]

{[%evp 14,172,60,34,52,41,34,48,37,32,47,16,34,34,22,22,39,22,92,32,181,102,101,109,102,97,97,97,97,98,124,129,122,118,138,108,115,92,95,105,106,106,106,106,106,106,106,106,106,85,106,90,90,90,90,90,90,90,90,90,90,83,83,83,83,63,63,25,25,18,18,18,63,20,67,18,67,18,67,0,18,18,63,18,63,0,0,0,18,18,18,10,18,8,25,18,63,18,23,23,30,37,37,37,38,38,63,18,18,18,18,18,18,18,18,18,18,18,18,18,99,99,99,99,99,99,99,99,99,7,48,48,99,99,99,99,99,7,7,7,7,7,7,7,7,0,0,0,0,0,0,0,0,0,0,0,0,0,0,0,0]} 1. d4 Nf6 2. c4 g6 3. g3 c5 4. Nf3 Bg7 5. Bg2 d6 6. O-O Na6 7. Nc3 O-O 8. b3 d5 {E65: King's Indian: Fianchetto: 6...c5 7 0-0 without d5 by White} 9. Bb2 dxc4 10. bxc4 cxd4 {White is slightly better.} 11. Nxd4 Nd7 12. Nd5 $146 ({Predecessor:} 12. Nb3 Ndc5 13. Qc1 Bd7 14. Rd1 Qc8 15. Nd5 Re8 16. Bxg7 Kxg7 {1-0 (34) Banusz,T (2552)-Saric,S (2473) Hungary 2012}) 12... e6 13. Ne3 Ndc5 14. Rb1 Bd7 15. Qc1 Nb4 {[#]} (15... Qe7 $11) 16. Ba1 (16. Nxe6 $1 $16 {[%mdl 512]} Nxa2 (16... Nxe6 17. Bxg7) 17. Nxd8 Nxc1 18. Nxb7 (18. Bxc1 Raxd8 19. Ba3 b6 $14) 18... Nxe2+ 19. Kh1 Nxb7 20. Bxg7 (20. Bxb7 Rab8 $11) 20... Kxg7 21. Rxb7) 16... Qa5 ({Black should play} 16... a5 $14) 17. Qe1 (17. Nb3 $18 Nxb3 18. Rxb3 (18. axb3 Bc6 $16) 18... Bxa1 19. Qxa1) 17... Nc6 $16 18. Nxc6 Qxe1 19. Ne7+ {[%mdl 64] Zwischenzug} ({Much weaker is} 19. Rfxe1 $6 Bxc6 20. Bxc6 bxc6 $11) 19... Kh8 20. Bxg7+ Kxg7 21. Rfxe1 Rae8 22. Nxg6 hxg6 23. Bxb7 Rb8 24. Bf3 Ba4 25. Ng4 Rfd8 26. Ne5 Rxb1 27. Rxb1 Rd2 28. Rb8 Rxa2 29. Rc8 Nd7 30. Nxd7 Bxd7 {[%mdl 4096] Endgame KRB-KRB} 31. Ra8 Kf6 32. c5 Bb5 33. c6 {[#] Strongly threatening c7.} Rc2 34. Rxa7 Bxc6 35. Bxc6 Rxc6 {KR-KR} 36. h4 Rc5 37. Kg2 g5 38. hxg5+ Rxg5 39. Ra4 Rb5 40. g4 Kg6 41. Rd4 e5 42. Rd8 f6 43. Kg3 Rb1 44. Kf3 Ra1 45. Rd7 Ra2 46. Ke3 (46. Re7 $14) 46... Ra4 47. f3 Ra2 48. Rc7 Ra4 49. Kd3 (49. Rc5 $14) 49... Rd4+ $11 50. Kc3 Rd1 {And now ...Rc1+ would win.} 51. Kc2 Ra1 52. Rc8 Ra3 53. Kd2 Ra1 54. Ke3 Ra4 55. Rh8 Kg7 56. Rh5 Kg6 57. Rf5 Ra3+ 58. Kf2 Ra2 59. Rh5 Rb2 60. Rh2 f5 61. gxf5+ Kxf5 62. Rh4 Rb1 63. Rh5+ Ke6 64. Rh6+ Ke7 65. Ke3 Rb2 66. Kd3 e4+ (66... Rb4 $11 {keeps the balance.}) 67. fxe4 $16 Rb5 68. Ke3 Ra5 69. Kf4 Rb5 70. e3 Ra5 71. e5 (71. Rh7+ $16 Ke6 72. Rh8) 71... Ra1 $11 72. Rb6 Rf1+ 73. Ke4 Ra1 74. Rh6 Rb1 75. e6 ({Better is} 75. Rg6 $16) 75... Rb5 {The position is equal.} 76. Kf4 Rb4+ 77. e4 Rb5 78. Rg6 Ra5 79. Rg5 Rxg5 80. Kxg5 {White threatens Kf5 and mate.} Kxe6 {KP-K} 81. Kf4 Kf6 82. e5+ Ke7 83. Kf5 Kf7 84. e6+ Ke8 85. Kf6 {White wants to mate with e7.} Kf8 86. e7+ Ke8 87. Ke6 {Accuracy: White = 48%, Black = 56%.} 1/2-1/2

[Event "11th Capo dOrso ACP Open 2019"]
[Site "Porto Mannu"]
[Date "2019.06.01"]
[Round "3.8"]
[White "Schneider, Stefan"]
[Black "Ranfagni, Stefano"]
[Result "1-0"]
[WhiteElo "2372"]
[BlackElo "1941"]
[Annotator "TA"]
[PlyCount "99"]
[EventDate "2019.06.02"]
[EventType "swiss"]
[EventCountry "ITA"]
[SourceTitle "playchess.com"]
[Source "ChessBase"]
[SourceQuality "1"]

{[%evp 18,99,47,30,43,10,20,9,20,6,25,36,25,35,50,48,56,60,53,63,60,46,45,44,39,39,44,31,42,42,39,33,43,45,56,37,59,60,74,60,100,22,70,55,90,23,62,-18,24,40,145,128,134,133,156,147,154,155,203,195,182,197,204,168,238,238,280,270,819,241,231,0,781,715,2017,1975,29986,29984,29990,29990,29992,1116,931,815]} 1. d4 e6 2. c4 f5 3. Nf3 Nf6 4. g3 c6 5. Bg2 d5 6. O-O Bd6 7. b3 Qe7 8. Ne5 Nbd7 9. Bb2 O-O 10. Nd2 a5 {A90: Dutch Defence: Miscellaneous and Modern Stonewall (with ...Bd6)} 11. a3 (11. Qc2 a4 12. Ndf3 Ne4 13. e3 a3 14. Bc3 Nxe5 15. Nxe5 Bd7 16. Nxd7 Qxd7 {0-1 (36) Anand,V (2797)-Carlsen,M (2865) Baden-Baden 2015}) 11... Ne4 12. Ndf3 Nxe5 {The position is equal.} 13. Nxe5 Rd8 $146 {next ...Bxe5 is good for Black.} ({Predecessor:} 13... Bd7 14. e3 b5 15. f3 Ng5 16. a4 bxc4 17. bxc4 Rfb8 18. Qc2 Bxe5 19. dxe5 {1-0 (38) Nikolov,M (2585)-Vandenbussche,T (2401) Baku 2016}) 14. Qc2 Bxe5 15. dxe5 b6 16. cxd5 cxd5 17. Bd4 Rb8 18. f3 Nc5 19. Rfc1 Ba6 20. b4 Nd7 21. Qd2 Bc4 22. f4 a4 23. Bf3 b5 24. Kh1 Kh8 25. Rg1 Rg8 26. g4 g6 27. Rg3 Rbf8 28. Rag1 Qf7 29. Be3 ({White should play} 29. g5 $16) 29... Nb8 30. Bc5 Rc8 31. e3 (31. gxf5 $16 gxf5 32. Qe1) 31... Nc6 32. g5 ({Better is} 32. gxf5 $14 gxf5 33. Rxg8+ Rxg8 34. Rxg8+ Qxg8 35. Qf2) 32... Rg7 (32... Na5 $5 {[%cal Ra5b3]}) 33. h4 Rc7 (33... Na5 $14) 34. Rh3 $16 Kg8 35. h5 {[#] And now h6 would win.} Qe8 36. Bd6 Rcd7 37. Kg2 Ne7 38. Rgh1 gxh5 39. Rxh5 Ng6 40. Kg3 Qc8 (40... Nh8 {was worth a try.} 41. R5h3 Rd8) 41. Rh6 $18 Qd8 42. Bh5 {[#] Strongly threatening Bxg6.} Nh8 $2 (42... Qe8 43. Qc3 Qa8) 43. Kf2 $2 (43. Rxe6 {Hoping for Re8+.} Nf7 44. Bxf7+ Rdxf7 45. Qd4) 43... Ng6 44. Kg3 $2 (44. Qd4) 44... Nh8 $1 45. Rxe6 Rxg5+ 46. fxg5 Qxg5+ 47. Kf2 Ng6 48. Bxg6 hxg6 49. Rxg6+ (49. Re8+ $142 Kg7 50. e6 Qf6 51. exd7 f4 52. Re7+ Qxe7 {[%mdl 64] Remove Defender} 53. Bxe7 Kg8 54. d8=Q+ Kf7 55. Rh7+ Ke6 56. Qc8+ Ke5 57. Qd4#) 49... Qxg6 50. Rg1 {Accuracy: White = 54%, Black = 32%.} 1-0

[Event "11th Capo dOrso ACP Open 2019"]
[Site "Porto Mannu"]
[Date "2019.06.01"]
[Round "3.9"]
[White "Sapkowski, Wieslaw"]
[Black "Gohil, Harry"]
[Result "1-0"]
[WhiteElo "1939"]
[BlackElo "2236"]
[Annotator "TA"]
[PlyCount "68"]
[EventDate "2019.06.02"]
[EventType "swiss"]
[EventCountry "ITA"]
[SourceTitle "playchess.com"]
[Source "ChessBase"]
[SourceQuality "1"]

{[%evp 13,68,19,22,26,26,0,3,-3,6,19,27,31,40,-43,-48,-77,-61,-66,-20,-71,-41,-74,-21,-14,8,0,8,14,31,-15,-5,-22,0,-121,0,0,0,-95,271,270,460,425,449,344,320,331,777,365,5795,5712,5485,5485,5365,3494,2231,1854,1803]} 1. e4 c5 2. Nf3 Nc6 3. d4 cxd4 4. Nxd4 e5 5. Nb5 d6 6. N1c3 a6 7. Na3 Be7 8. Nd5 {B32: Sicilian: Löwenthal and Kalashnikov Variations} (8. Nc4 b5 9. Ne3 Nf6 10. g3 O-O 11. Bg2 b4 12. Ncd5 Nxd5 13. Nxd5 Bg5 14. Bxg5 Qxg5 15. a3 bxa3 16. Rxa3 {½-½ (42) Robson,R (2667)-Moranda,W (2595) chess.com INT 2019}) 8... Nf6 9. Nxe7 (9. Nxf6+ {seems wilder.} Bxf6 10. Nc4 Be7 11. Be3 Be6 12. c3) 9... Nxe7 10. Bd3 {The position is equal.} O-O 11. c4 b5 12. O-O Bb7 $146 ({Predecessor:} 12... b4 13. Nc2 a5 14. Ne3 Bb7 15. Nd5 Nfxd5 16. cxd5 {½-½ (52) Marchese,G (1899)-Feicht,A (2036) Bad Homburg 2017}) 13. Bg5 (13. f3 $14) 13... Nxe4 $15 14. Bxe4 Bxe4 15. cxb5 h6 16. Bh4 (16. Re1 $11 Bb7 17. Bxe7 Qxe7 18. Qb3) 16... g5 17. Bg3 f5 (17... Bd5 $17 18. h4 f6) 18. f3 $11 Bd5 19. Bf2 axb5 20. Nxb5 Kh7 21. Nc3 Bc6 22. Re1 Ng6 23. b4 {[#]} (23. Nd5 $11) 23... Nf4 ({Better is} 23... g4 $1 $17 {[%mdl 512]} 24. b5 (24. fxg4 Nf4) 24... Bb7) 24. b5 Bb7 {...g4! is the strong threat.} 25. Be3 (25. Bg3 $11 {keeps the balance.}) 25... Qa5 $2 {[%mdl 8192]} (25... Nxg2 $1 $17 26. Kxg2 g4) 26. Qxd6 $18 {aiming for Bxf4.} Rad8 $2 {[#]} (26... Rf7) 27. Qe7+ $1 {[%mdl 64] Double Attack} Kg6 28. Qxb7 {Threatens to win with Bxf4.} Qxc3 29. Rac1 Qb2 $2 (29... Qd3) 30. Bxf4 (30. Rc6+ $142 Rf6 31. Rxf6+ Kxf6 32. Bxf4 gxf4 33. Qb6+ Ke7 34. Qc7+ Rd7 35. Rxe5+ {[%mdl 64] Double Attack} Kf6 {[#]} 36. Rxf5+ $1 {[%mdl 576] Discovered Attack} Kxf5 37. Qxd7+ Kf6 38. h4) 30... gxf4 $2 (30... exf4 31. Rc6+ Kh5) 31. Rc6+ {White is clearly winning.} Rf6 32. Rxf6+ Kxf6 33. Qc6+ Ke7 34. Qc7+ Rd7 {Accuracy: White = 45%, Black = 11%.} 1-0

[Event "11th Capo dOrso ACP Open 2019"]
[Site "Porto Mannu"]
[Date "2019.06.01"]
[Round "4.1"]
[White "Movsziszian, Karen"]
[Black "Christiansen, Johan-Sebastian"]
[Result "1/2-1/2"]
[WhiteElo "2486"]
[BlackElo "2561"]
[Annotator "TA"]
[PlyCount "53"]
[EventDate "2019.06.02"]
[EventType "swiss"]
[EventCountry "ITA"]
[SourceTitle "playchess.com"]
[Source "ChessBase"]
[SourceQuality "1"]

{[%evp 9,53,-19,10,0,0,0,0,0,0,0,0,0,0,0,6,9,12,12,14,9,26,21,34,22,33,14,33,29,29,-15,111,109,100,32,47,13,13,13,13,13,21,16,14,16,20,9]} 1. g3 e5 2. Bg2 d5 3. d3 Nc6 4. a3 a5 5. Nf3 (5. e3 Nf6 6. b3 Bc5 7. Bb2 O-O 8. Nd2 Re8 9. h3 Qd6 10. Ne2 h5 11. Nc3 Ne7 12. Nf3 Nf5 13. O-O c6 14. Re1 Ba7 15. Qd2 Bd7 16. Rad1 Qc7 17. Kh1 Rad8 {½-½ (17) Kamsky,G (2676)-Motylev,A (2675) Sochi 2017}) 5... g6 6. O-O {A00: Irregular Openings} Bg7 7. Nc3 $146 ({Predecessor:} 7. Nbd2 h6 8. c4 Be6 9. Qc2 Nge7 10. Rb1 dxc4 11. Nxc4 a4 {1-0 (69) Ulybin,M (2570)-Hasangatin,R (2501) St Petersburg 2003}) 7... Nf6 8. e4 dxe4 9. dxe4 Bg4 10. Be3 O-O 11. h3 Be6 12. Re1 Qc8 13. Kh2 h6 14. Qe2 Rd8 15. Rad1 Rxd1 16. Rxd1 Kh7 17. g4 a4 18. g5 Nh5 19. Nd5 hxg5 (19... Nd4 $11 {keeps the balance.} 20. Bxd4 (20. Nxd4 exd4 21. Bxd4 Bxd4 $11) 20... exd4) 20. Nxg5+ $16 Kg8 21. Bf3 (21. c3 $16) 21... Bxd5 $1 $14 22. exd5 Nd4 $1 {[%cal Rd4e2] The position is equal.} 23. Bxd4 $1 exd4 24. Bxh5 {[#] Black must now prevent Bf3.} Qf5 25. Bxg6 Qxg5 26. Bd3 Qxd5 27. Rg1 {Accuracy: White = 75%, Black = 66%.} 1/2-1/2

[Event "11th Capo dOrso ACP Open 2019"]
[Site "Porto Mannu"]
[Date "2019.06.01"]
[Round "4.2"]
[White "Ruiz Castillo, Joshua Daniel"]
[Black "Jakubowski, Krzysztof"]
[Result "0-1"]
[WhiteElo "2472"]
[BlackElo "2510"]
[Annotator "TA"]
[PlyCount "74"]
[EventDate "2019.06.02"]
[EventType "swiss"]
[EventCountry "ITA"]
[SourceTitle "playchess.com"]
[Source "ChessBase"]
[SourceQuality "1"]

{[%evp 16,74,20,10,71,0,45,32,29,23,39,12,14,-42,18,-22,-27,-86,-85,-94,-92,-160,-169,-189,-177,-189,-108,-111,-104,-119,-116,-118,-147,-135,-120,-137,-124,-254,-260,-360,-360,-438,-425,-428,-423,-423,-419,-429,0,-271,0,-412,-410,-1141,-662,-1128,-264,-276,0,-1023,-917]} 1. e4 c5 2. Nf3 e6 3. d4 cxd4 4. Nxd4 Nc6 5. Nc3 Qc7 6. Be3 a6 7. Qd2 Nf6 8. O-O-O Bb4 9. f3 O-O {B48: Sicilian: Taimanov: 5 Nc3 Qc7 6 Be3 a6 without Be2} (9... Ne5 $11) 10. h4 $146 (10. a3 $16 Be7 11. g4) ({Predecessor:} 10. g4 b5 11. g5 Nh5 12. Kb1 Rb8 13. Nxc6 dxc6 14. f4 c5 15. Be2 g6 16. Bxh5 gxh5 17. f5 {1-0 (27) Saric,I (2657)-Bosiocic,M (2611) Batumi 2018}) 10... Ne5 11. h5 b5 {White is slightly better.} 12. h6 g6 13. Bg5 Ne8 $1 14. f4 (14. Nb3 $11) 14... f6 (14... Nc4 $1 $15 15. Bxc4 Qxc4) 15. Bh4 Bxc3 16. bxc3 (16. Qxc3 $11 {remains equal.} Qxc3 17. bxc3) 16... Nf7 17. Bd3 Bb7 18. e5 (18. Kb1 $142) 18... fxe5 $17 19. fxe5 Nxe5 20. Rhf1 {Threatens to win with Rxf8+.} Qc5 ({Black should play} 20... Nd6 $1 $19 {White must now prevent ...Qa5.} 21. Be7 Rxf1 22. Rxf1 Re8) 21. Nb3 Qa3+ 22. Kb1 Bd5 23. Rxf8+ Qxf8 24. Rf1 Nf7 $1 25. Qf2 e5 26. Nc5 {[#]} (26. Bg3 $17) 26... Rc8 $1 $19 27. Nxd7 Qa3 {[%mdl 64] Double Attack} 28. Nf6+ Nxf6 29. Qxf6 {[%csl Gh6][%cal Rf6g7]} Bxa2+ 30. Ka1 {[%csl Gh6][%cal Rf6g7]} Bd5+ 31. Kb1 {[%csl Gh6][%cal Rf6g7]} Ba2+ 32. Ka1 {[%csl Gh6][%cal Rf6g7]} Bd5+ (32... Nxh6 $142 33. Qe7 Qxe7 34. Bxe7 Bd5) 33. Kb1 {[%csl Gh6][%cal Rf6g7]} Nxh6 ({Don't play} 33... Ba2+ 34. Ka1 $19) 34. Qxe5 (34. Qe7 $142 Qa2+ 35. Kc1 Qa1+ {[%mdl 64] Double Attack} 36. Kd2 Qxc3+ 37. Kc1) 34... Ba2+ 35. Ka1 {With the idea Be7.} Bf7+ $2 (35... b4 36. Qd6 a5) 36. Kb1 {Now Be7 and White clings on.} Ba2+ $2 (36... Ng4 37. Qe7 Qa2+ 38. Kc1 Qa1+ 39. Kd2 Qxc3+ 40. Kd1 {[#]} Bb3 $1 {[%mdl 512]}) 37. Ka1 {Be7 would now be nice for White.} b4 {Accuracy: White = 33%, Black = 53%.} 0-1

[Event "11th Capo dOrso ACP Open 2019"]
[Site "Porto Mannu"]
[Date "2019.06.01"]
[Round "4.3"]
[White "Moroni, Luca Jr"]
[Black "Lisowski, Krzysztof"]
[Result "1-0"]
[WhiteElo "2561"]
[BlackElo "2191"]
[Annotator "TA"]
[PlyCount "69"]
[EventDate "2019.06.02"]
[EventType "swiss"]
[EventCountry "ITA"]
[SourceTitle "playchess.com"]
[Source "ChessBase"]
[SourceQuality "1"]

{[%evp 13,69,4,20,6,11,11,14,5,5,8,16,7,25,10,15,0,20,0,0,0,0,0,0,0,6,23,43,25,82,37,86,95,139,147,132,123,119,116,133,160,160,135,665,368,352,374,374,371,372,363,350,346,549,543,29992,29993,29993,29994]} 1. c4 Nf6 2. Nc3 e6 3. e4 d5 4. e5 d4 5. exf6 dxc3 6. bxc3 Qxf6 7. d4 b6 8. Be2 {A18: English Opening: Flohr-Mikenas System (1 c4 Nf6 2 Nc3 e6 3 e4)} (8. h4 Bb7 9. Bg5 Qf5 10. Bd3 Qa5 11. Kf1 Nc6 12. Rb1 f6 13. Bd2 O-O-O 14. a4 e5 15. c5 Bxc5 16. Rb5 Qa6 17. Rh3 Bxd4 18. Be2 Rd6 19. Rb1 Qa5 20. Rb5 Qa6 21. Rb1 Qa5 22. Rb5 {½-½ (22) Aronian,L (2794)-Ding,L (2769) Berlin 2018}) 8... Bb7 9. Bf3 Bxf3 10. Nxf3 {The position is equal.} Bd6 11. Qa4+ c6 12. O-O O-O 13. Re1 Rc8 14. Ng5 {[#]} Qg6 $146 ({Predecessor:} 14... Qf5 15. Ne4 Bc7 {½-½ (38) Moroni,L (2549)-Pruijssers,R (2514) Ortisei 2018}) 15. Ne4 Bc7 16. Ba3 Nd7 17. Nd6 $1 {[%cal Rd6c8]} Bxd6 $1 18. Bxd6 Nf6 19. Re3 h5 20. Rae1 Nd7 (20... b5 $11 21. cxb5 cxb5 22. Qxb5 Qc2) 21. Qd1 Qf5 22. Rf3 Qg4 23. h3 Qg6 24. Rg3 Qf5 25. h4 {Hoping for Rg5.} f6 26. Rf3 Qg4 27. Qd3 $36 {[%mdl 2048] White has strong initiative.} Qxh4 $2 {[%mdl 8192]} (27... e5 $16) 28. Rxe6 {[#] Strongly threatening Rg3!} Qg4 29. Re4 Qg6 {White should prevent ...f5.} 30. Rg3 Qh7 31. Qe3 Nf8 32. Re7 Qb1+ (32... Kh8 $142 33. Rgxg7 Qxg7) 33. Kh2 $18 Ng6 {Now ...Qf5 and Black clings on.} 34. Qe6+ Kh8 {[#]} 35. Qf7 $1 {[%mdl 576] Double Attack. Accuracy: White = 72%, Black = 43%.} 1-0

[Event "11th Capo dOrso ACP Open 2019"]
[Site "Porto Mannu"]
[Date "2019.06.01"]
[Round "4.4"]
[White "Bonade, Massimo"]
[Black "Brunello, Sabino"]
[Result "0-1"]
[WhiteElo "2164"]
[BlackElo "2556"]
[Annotator "TA"]
[PlyCount "61"]
[EventDate "2019.06.02"]
[EventType "swiss"]
[EventCountry "ITA"]
[SourceTitle "playchess.com"]
[Source "ChessBase"]
[SourceQuality "1"]

{[%evp 11,61,36,41,24,25,38,26,2,12,38,40,12,11,0,0,-50,-72,-58,111,-116,-127,-132,-104,-104,-108,-173,-141,-158,-116,-101,-97,-144,-125,-304,-300,-445,-474,-504,-501,-604,-598,-933,-925,-912,-900,-1472,-1465,-1452,-1372,-3599,-3196,-2304]} 1. e4 c5 2. Nf3 e6 3. d4 cxd4 4. Nxd4 Nc6 5. Nc3 Qc7 6. Be3 a6 7. Qf3 {B48: Sicilian: Taimanov: 5 Nc3 Qc7 6 Be3 a6 without Be2} Nf6 8. O-O-O d6 (8... Ne5 9. Qg3 b5 10. a3 Bb7 11. Bxb5 Rc8 12. Ba4 Nxe4 13. Nxe4 Bxe4 14. Bf4 Qa5 15. Bxe5 Qxa4 {1-0 (66) Vachier Lagrave,M (2778)-Harikrishna,P (2729) Germany 2019}) 9. Qg3 {White has an edge.} Bd7 10. f3 h5 11. h4 Ne5 12. Kb1 b5 {[%cal Bb7b5,Bb5b4][%mdl 32]} 13. Bd3 $146 ({Predecessor:} 13. a3 Rb8 14. f4 Neg4 15. Bc1 b4 16. axb4 Rxb4 {0-1 (47) Ponkratov,P (2613)-Moranda,W (2593) Katowice 2017}) 13... b4 14. Nce2 a5 $2 {[#]} (14... g6 $15 {keeps the upper hand.}) 15. f4 $2 (15. Nb5 $1 $16 {[%cal Rb5c7]} Qd8 16. Bf4) 15... Nxd3 $17 16. cxd3 Ng4 17. Rc1 Qb7 18. Rhd1 (18. Bd2 $17) 18... g6 19. Bg1 a4 20. Nf3 Bh6 21. Bd4 O-O 22. Nh2 $2 {[#]} (22. e5 $17) 22... e5 $1 $19 {[%mdl 512]} 23. Bg1 (23. fxe5 $142 Bxc1 24. Rxc1 dxe5 25. Bxe5 Nxe5 26. Qxe5) 23... Rfc8 {Black is clearly winning.} 24. Nf3 d5 25. Rxc8+ Rxc8 26. Nxe5 Nxe5 27. fxe5 dxe4 28. e6 Bxe6 {( -> ...Qd5!)} 29. Nd4 Bg4 30. Rf1 Qa6 31. Qf2 {Accuracy: White = 19%, Black = 72%.} 0-1